[Event "XVII MetLife Najdorf Open 2017"]
[Site "Warsaw"]
[Date "2017.07.17"]
[Round "9"]
[White "Molenda, Marcin"]
[Black "Bednarek, Sylwester"]
[Result "1-0"]
[WhiteElo "2419"]
[BlackElo "2309"]
[Annotator "TA"]
[PlyCount "131"]
[EventDate "2017.??.??"]
[EventType "swiss"]
[EventCountry "POL"]
[SourceTitle "playchess.com"]
[Source "ChessBase"]
[SourceQuality "1"]

{[%evp 15,131,37,46,44,38,30,29,21,21,18,26,20,25,0,28,16,35,43,68,27,33,-23,-22,-54,23,12,6,11,29,26,33,-70,-65,-62,-77,-56,-70,-54,-19,-48,0,0,0,0,6,0,30,32,50,35,30,27,208,202,189,200,196,197,704,698,569,0,370,134,146,143,133,138,143,133,134,16,16,0,50,0,0,0,15,16,34,34,34,33,88,87,91,69,90,56,65,38,71,27,55,45,143,138,118,113,81,80,354,195,513,516,679,627,1099,410,2275,1385,1438,4137,29964,29966,29972,29973]} 1. d4 Nf6 2. Nf3 c5 3. c4 cxd4 4. Nxd4 b6 5. Nc3 Bb7 6. Bg5 e6 7. Qc2 {A31: Symmetrical English: 2 Nf3 Nf6 3 d4} (7. Ndb5 d6 8. Bf4 e5 9. Bg5 a6 10. Bxf6 gxf6 11. Na3 f5 12. e3 Nd7 13. Nc2 Rg8 14. Nd5 Rc8 15. Qd3 {1-0 (43) Kempinski,R (2617)-Mista,A (2563) Warsaw 2010}) 7... d6 8. e4 Be7 {LiveBook: 7 Games} 9. Be2 {White is slightly better.} O-O 10. O-O a6 11. Be3 Nbd7 12. f4 Rc8 13. Rad1 g6 $146 ({Predecessor:} 13... Qc7 14. b3 b5 15. Ndxb5 axb5 16. Nxb5 Bxe4 {0-1 (29) Demeter,T (1995)-Nagy,G (1944) Hungary 2006}) 14. Qb1 Qc7 15. h3 Qb8 16. f5 gxf5 17. exf5 e5 18. Nb3 (18. Nf3 $14) 18... Kh8 $11 19. Nd2 Rg8 (19... b5 $1 $15 20. cxb5 axb5) 20. Bf3 $1 Bxf3 21. Rxf3 Qb7 {Hoping for ...Rxc4!} 22. Kh1 b5 {[%cal Bb6b5,Bb5b4][%mdl 32]} 23. Nde4 (23. b3 $14) 23... Rxc4 $15 {[%cal Rf6e4]} 24. Nxd6 Bxd6 25. Rxd6 b4 $1 {[%cal Rb4c3]} 26. Ne2 Rh4 {( -> ...Rxh3+!)} (26... Ne4 $5 {[%cal Re4d6]} 27. Rd1 Ndf6 $17) 27. Qf1 Ne4 28. Rh6 Rxh6 29. Bxh6 Qc6 30. Qc1 Rc8 31. Qe3 f6 32. Rf1 Qd5 33. Qf3 $40 {[%mdl 128] White is up to no good.} Rc2 $2 (33... a5 $11 {and Black is okay.}) 34. Qg4 $18 {[%csl Gh6][%cal Rg4g7]} Ng5 35. Bxg5 fxg5 36. f6 {f7 is the strong threat.} h6 $2 (36... e4 37. Qh5 Rc8) 37. Qh5 $1 {[%cal Rh5h6]} Kh7 38. Qg4 $2 (38. h4 $18 Qg8 39. f7) 38... e4 $2 {[%mdl 8192]} (38... Kh8 $1 $11) 39. Nf4 $2 (39. h4 $1 $18 {is the precise move to win.}) 39... Qb5 40. Rd1 Nxf6 41. Qe6 Rc7 42. Qxf6 {White wants to mate with Qg6+.} gxf4 43. Qxf4 $16 {[%mdl 4096] Endgame KQR-KQR} (43. Qe6 $16) 43... Re7 $1 $11 44. Qf8 (44. Qf6 $5 {[%cal Rf6e7]} Qe5 45. Qxa6 $11) 44... Qe8 (44... Qg5 {is more complex.} 45. Rd8 Qc1+ 46. Kh2 Qc7+ 47. Kg1 Qc1+) 45. Qxe8 (45. Qf6 {looks sharper.} Qf7 46. Qxa6 Qf2 47. Qb5 Qxb2 48. Qf5+) 45... Rxe8 $14 {KR-KR} 46. Kg1 Rc8 47. Rd2 e3 48. Re2 $1 Rc1+ 49. Kh2 Rd1 ({Black should try} 49... a5 $14) 50. Kg3 $16 a5 {[%cal Ba6a5,Ba5a4][%mdl 32]} 51. Kf3 Kg6 52. Kxe3 a4 53. Kf4 (53. Rd2 $5 {[%cal Rd2d1]} Ra1 54. b3 $16) 53... Rb1 54. Rd2 Kf6 55. Ke4 Ra1 {[#]} (55... Kg5 $14) 56. b3 $1 axb3 57. axb3 Rb1 58. Rd3 Kg5 $2 {[%mdl 8192] [#]} (58... Rb2 $16) 59. Kd5 $1 $18 Rc1 $2 (59... Rb2 {is tougher.} 60. Kc4 Rxg2 61. Kxb4 Kh4) 60. Rd4 Rc2 61. Rxb4 Rxg2 62. Rc4 (62. Rd4 $142 Kf6 63. b4) 62... Rh2 {[#]} (62... h5 $142 63. b4 h4) 63. h4+ $1 {[%mdl 512]} Kf5 (63... Rxh4 64. Rxh4) 64. b4 {[%cal Bb3b4,Bb4b5][%mdl 32]} Rb2 65. Kc6 Ke5 66. b5 {Precision: White = 57%, Black = 36%.} 1-0

[Event "XVII MetLife Najdorf Open 2017"]
[Site "Warsaw"]
[Date "2017.07.17"]
[Round "9"]
[White "Das, Arghyadip"]
[Black "Jeet, Jain"]
[Result "1-0"]
[WhiteElo "2416"]
[BlackElo "2191"]
[Annotator "TA"]
[PlyCount "81"]
[EventDate "2017.??.??"]
[EventType "swiss"]
[EventCountry "POL"]
[SourceTitle "playchess.com"]
[Source "ChessBase"]
[SourceQuality "1"]

{[%evp 14,81,26,23,26,21,27,26,28,27,35,28,50,27,50,50,46,50,55,42,48,34,34,29,29,23,22,0,10,0,30,0,54,45,47,43,48,43,78,71,74,70,112,106,94,97,89,86,104,75,91,63,210,177,251,259,264,236,223,212,1452,1385,1333,1366,29979,29980,2693,894,29991,29988]} 1. e4 e5 2. Bc4 {[%cal Bf1c4,Bc4b3,Bb3c2][%mdl 32]} Nf6 3. d3 c6 4. Nf3 Be7 5. O-O d6 6. Bb3 O-O 7. h3 {C24: Bishop's Opening: 2...Nf6} (7. Re1 Re8 8. c3 Bf8 9. Nbd2 Be6 10. Bc2 Nbd7 11. h3 h6 12. d4 Qc7 13. c4 exd4 14. Nxd4 Qb6 15. Nxe6 Rxe6 {0-1 (42) Hou,Y (2649)-Ivanchuk,V (2732) Shenzhen 2017}) 7... Nbd7 {[%cal Bb8d7,Bd7c5,Bc5e6,Be6f4][%mdl 32]} 8. c3 {LiveBook: 11 Games} Nc5 9. Bc2 {White has an edge.} Ne6 10. Re1 Qc7 11. Nbd2 Nf4 $146 ({Predecessor:} 11... h6 12. Nf1 Nh7 13. h4 Kh8 14. d4 Rd8 {½-½ (14) Drabke,L (2456)-Haba,P (2525) playchess.com INT 2005}) 12. Nf1 Ng6 13. d4 Re8 14. Ng3 h6 15. Be3 Bf8 16. Qd2 Be6 17. Rad1 Rad8 18. Qc1 a6 19. a3 b5 20. b4 Ra8 21. Nd2 Nh4 22. Kh2 g5 (22... a5 $11) 23. Nb3 {Threatens to win with Bxg5!} Ng6 24. dxe5 dxe5 25. Nc5 Bxc5 26. Bxc5 {[%cal Be3c5,Bc5d6,Bd6e5,Be5f6][%mdl 32]} ({Much weaker is} 26. bxc5 $6 Rad8 $15) 26... Rad8 27. Qe3 {Hoping for Bb6.} Qc8 28. Rxd8 Qxd8 29. Rd1 Qc8 30. Bd6 Kh7 31. Qf3 Nf4 32. Kg1 $1 g4 (32... Nd7 $14) 33. Qe3 $18 gxh3 (33... Nd7 $142) 34. Bxe5 Nxg2 {[#]} 35. Qf3 $1 Ng4 36. Bf6 $1 $40 {[%mdl 128] aiming for e5+. Black is in trouble.} Bf5 $2 (36... Kg8) 37. Nxf5 Nxf6 38. e5 {[%cal Be4e5,Be5f6][%mdl 32]} Kh8 39. exf6 Rg8 40. Ng3 (40. Kh1 $142 Nh4 {[#]} 41. Nxh6 $1 {[%mdl 512]}) 40... Nh4 41. Qf4 {Precision: White = 71%, Black = 42%.} 1-0

[Event "XVII MetLife Najdorf Open 2017"]
[Site "Warsaw"]
[Date "2017.07.17"]
[Round "9"]
[White "Barski, Radoslaw"]
[Black "Stefanova, Antoaneta"]
[Result "1/2-1/2"]
[WhiteElo "2402"]
[BlackElo "2512"]
[Annotator "TA"]
[PlyCount "65"]
[EventDate "2017.??.??"]
[EventType "swiss"]
[EventCountry "POL"]
[SourceTitle "playchess.com"]
[Source "ChessBase"]
[SourceQuality "1"]

{[%evp 38,65,29,0,29,29,32,36,48,20,23,14,22,0,24,12,19,22,21,13,28,28,28,31,27,25,31,25,41,34]} 1. e4 e5 2. Nf3 Nc6 3. Bb5 a6 4. Ba4 Nf6 5. O-O Be7 6. Re1 b5 7. Bb3 d6 8. c3 O-O 9. h3 Nb8 10. d4 Nbd7 11. Nbd2 Bb7 12. Bc2 Re8 13. Nf1 Bf8 14. Ng3 g6 15. Bg5 h6 16. Bd2 Bg7 17. a4 Nb6 {C95: Closed Ruy Lopez: Breyer Variation with 10 d4} 18. b3 (18. Qc1 Kh7 19. b3 bxa4 20. bxa4 a5 21. dxe5 dxe5 22. Bb3 Qe7 23. Be3 Nfd7 24. h4 Ba6 25. h5 {1-0 (59) Yu,Y (2738)-Piorun,K (2651) Caleta 2017}) 18... bxa4 19. bxa4 a5 20. Bd3 {LiveBook: 7 Games} Qd7 21. d5 Ba6 22. Bxa6 Rxa6 23. Qb3 $146 ({Predecessor:} 23. c4 Raa8 24. Qc2 Qe7 25. Reb1 {1-0 (42) Ali Marandi,C (2315)-Diermair,A (2416) Plovdiv 2012}) 23... Rb8 24. c4 Qc8 25. Qc2 Nbd7 (25... c6 $5 {[%cal Rc6d5]}) 26. Rab1 Rxb1 27. Rxb1 c6 28. Ne1 cxd5 29. cxd5 Qxc2 30. Nxc2 Nc5 31. f3 Nxa4 32. Rb5 Nb6 33. Rxa5 {Precision: White = 21%, Black = 59%.} 1/2-1/2

[Event "XVII MetLife Najdorf Open 2017"]
[Site "Warsaw"]
[Date "2017.07.17"]
[Round "9"]
[White "Gumularz, Szymon"]
[Black "Fus, Jakub"]
[Result "1-0"]
[WhiteElo "2391"]
[BlackElo "2103"]
[Annotator "NA"]
[PlyCount "57"]
[EventDate "2017.??.??"]
[EventType "swiss"]
[EventCountry "POL"]
[SourceTitle "playchess.com"]
[Source "ChessBase"]
[SourceQuality "1"]
[TimeControl "40/5400+30:1800+30"]

1. e4 {[%emt 0:05:19]} c5 {[%emt 0:00:15]} 2. Nf3 {[%emt 0:00:07]} e6 {[%emt 0:00:20]} 3. d3 {[%emt 0:00:24]} a6 {[%emt 0:00:30]} 4. g3 {[%emt 0:00:38]} b5 {[%emt 0:00:28]} 5. Bg2 {[%emt 0:00:06]} Bb7 {[%emt 0:00:06]} 6. O-O {[%emt 0:00:12]} d5 {[%emt 0:00:25]} 7. exd5 {[%emt 0:07:27]} exd5 {[%emt 0:11:00]} 8. Re1+ {[%emt 0:02:37]} Be7 {[%emt 0:01:29]} 9. d4 {[%emt 0:02:16]} c4 {[%emt 0:05:22]} 10. Nh4 {[%emt 0:07:33]} g6 {[%emt 0:23:00]} 11. Nc3 {[%emt 0:04:32]} b4 {[%emt 0:06:42]} (11... Kf8 $16) 12. Na4 {[%emt 0:01:19]} Nd7 {[%emt 0:03:00]} 13. c3 {[%emt 0:07:15]} (13. Bg5 $18) 13... Kf8 {[%emt 0:09:40]} 14. Nf3 {[%emt 0:20:03]} Kg7 {[%emt 0:06:25]} 15. Ne5 $16 {[%emt 0:05:30]} Nxe5 {[%emt 0:06:32]} 16. dxe5 {[%emt 0:00:52]} Bc6 {[%emt 0:07:53]} 17. cxb4 {[%emt 0:04:44]} Bxb4 {[%emt 0:00:47]} 18. Nc3 {[%emt 0:01:49]} Bxc3 {[%emt 0:03:08]} 19. bxc3 {[%emt 0:00:46]} Qd7 {[%emt 0:00:10]} 20. Qd4 {[%emt 0:14:08]} Qe6 {[%emt 0:00:46]} 21. Qh4 {[%emt 0:00:14]} h6 {[%emt 0:03:54]} 22. Bh3 {[%emt 0:03:14]} Qe7 {[%emt 0:02:27]} 23. Qd4 {[%emt 0:00:25]} Qa7 {[%emt 0:00:42]} 24. Qf4 {[%emt 0:01:28]} Bd7 {[%emt 0:01:11]} 25. Be3 {[%emt 0:01:16]} Qc7 {[%emt 0:00:46]} 26. Bxd7 {[%emt 0:00:07]} Qxd7 {[%emt 0:00:07]} 27. e6 {[%emt 0:00:04]} fxe6 {[%emt 0:05:37]} 28. Bd4+ {[%emt 0:00:07]} Kh7 {[%emt 0:00:06]} 29. Qe5 {[%emt 0:00:19]} 1-0

[Event "XVII MetLife Najdorf Open 2017"]
[Site "Warsaw"]
[Date "2017.07.17"]
[Round "9"]
[White "Skawinski, Arkadiusz"]
[Black "Nihal, Sarin"]
[Result "1/2-1/2"]
[WhiteElo "2386"]
[BlackElo "2471"]
[Annotator "TA"]
[PlyCount "113"]
[EventDate "2017.??.??"]
[EventType "swiss"]
[EventCountry "POL"]
[SourceTitle "playchess.com"]
[Source "ChessBase"]
[SourceQuality "1"]

{[%evp 26,113,34,38,39,43,43,22,22,0,24,11,12,0,6,11,13,15,17,22,35,25,25,34,39,38,79,85,57,27,28,25,81,78,81,40,48,42,39,48,58,54,78,79,77,80,70,67,71,64,66,74,73,72,99,102,100,101,100,100,104,95,166,158,230,239,231,229,223,196,176,8,8,12,47,8,8,8,8,0,0,0,0,0,0,0,0,0,0,-8]} 1. e4 c5 2. Nf3 d6 3. Bb5+ Bd7 4. Bxd7+ Qxd7 5. c4 Nc6 6. d4 cxd4 7. Nxd4 g6 8. Nc3 Bg7 9. Be3 Nf6 10. f3 O-O 11. O-O e6 12. Rc1 {B52: Sicilian: Moscow Variation with 3...Bd7} Rfd8 13. Re1 {[%cal Bf1e1,Be1e2,Be2d2][%mdl 32]} (13. Nxc6 bxc6 14. Rf2 d5 15. Rd2 Qe8 16. e5 Nd7 17. f4 Nb6 18. b3 dxc4 19. Ne4 Nd5 {0-1 (33) Giri,A (2798)-Anand,V (2784) Zuerich 2016}) 13... Rac8 14. b3 {LiveBook: 6 Games. White is slightly better.} Nxd4 15. Bxd4 a6 $146 ({Predecessor:} 15... b6 16. Qd3 Qc6 17. Rcd1 Rb8 18. Kh1 a6 19. a4 Nd7 20. Ne2 Bxd4 21. Nxd4 {½-½ (43) Gonzalez Menendez,I (2416)-Medarde Santiago,L (2333) Linares 2016}) 16. a4 Qc7 17. Re2 Nd7 18. Bxg7 Kxg7 19. Qd4+ Kg8 20. Rd2 Ne5 21. Rcd1 Nc6 22. Qe3 Na5 23. Ne2 Rb8 24. Qc3 Qb6+ 25. Kh1 Rbc8 26. h3 Qc7 27. Rd3 b6 28. Qf6 Nc6 (28... Nb7 $11) 29. f4 $16 Rd7 30. Nd4 Nb4 31. R3d2 Qd8 32. Qxd8+ Rcxd8 33. Nf3 d5 34. Ne5 $36 {[%mdl 2048] Keeping Black busy.} Rd6 35. cxd5 exd5 36. Nc4 Rf6 $1 37. exd5 b5 38. axb5 axb5 39. Na3 Rfd6 {[%cal Rd6d5]} 40. Nxb5 Rxd5 41. Rxd5 Rxd5 42. Rxd5 Nxd5 {[%mdl 4096] Endgame KN-KN} 43. g3 h5 (43... f5 $16 {was necessary.}) 44. h4 $18 f6 (44... Kf8 $16 {is a better defense.} 45. Kg2 Ne3+ 46. Kf3 Nf5) 45. Nd4 Kf7 46. Kg2 Ke7 47. Kf3 Kd6 48. g4 $2 (48. Ke2 $18) 48... hxg4+ $11 49. Kxg4 {[#] Black must now prevent f5.} Kc5 50. Ne6+ (50. f5 $5 {[%cal Rf5g6]} Kxd4 51. fxg6 $16) 50... Kb4 $1 {The position is equal.} 51. Nf8 (51. Kf3 {looks sharper.} Ne7 52. Nd4 f5 53. Ke2 Nd5 54. Nc6+) 51... Nxf4 $1 52. Nxg6 Nxg6 {KN-KPP} 53. h5 Nf8 54. Kf5 Kxb3 55. Kxf6 Kc4 56. h6 Kd5 57. h7 {Precision: White = 61%, Black = 67%.} 1/2-1/2

[Event "XVII MetLife Najdorf Open 2017"]
[Site "Warsaw"]
[Date "2017.07.17"]
[Round "9"]
[White "Moehn, Hans"]
[Black "Dzierzak, Radoslaw"]
[Result "1/2-1/2"]
[WhiteElo "2380"]
[BlackElo "2231"]
[Annotator "NA"]
[PlyCount "170"]
[EventDate "2017.??.??"]
[EventType "swiss"]
[EventCountry "POL"]
[SourceTitle "playchess.com"]
[Source "ChessBase"]
[SourceQuality "1"]
[TimeControl "40/5400+30:1800+30"]

1. Nf3 Nf6 2. g3 d5 3. Bg2 e6 4. O-O Be7 5. c4 O-O 6. d4 dxc4 7. Qc2 a6 8. a4 Bd7 9. Rd1 Bc6 10. Nc3 Bxf3 11. Bxf3 Nc6 12. Bxc6 bxc6 13. Bg5 Qb8 14. Bxf6 gxf6 15. Ne4 Qb4 16. Rac1 f5 17. Nd2 c5 18. dxc5 $11 Rfd8 19. Nxc4 Qxc5 20. Ne3 Qxc2 21. Nxc2 Rxd1+ 22. Rxd1 Rb8 23. Rb1 Rb3 24. Nd4 Rb6 25. Nc2 Rb3 26. Nd4 Rb6 27. Nc2 Rc6 28. Ne3 Bg5 29. Kf1 Bxe3 30. fxe3 Rc4 31. Ke1 Rxa4 32. Kd2 Kf8 33. Rc1 Rb4 34. Kc3 Rb5 35. Ra1 a5 36. Ra4 e5 37. Rc4 c5 38. Ra4 Ke7 39. b3 Kd6 40. Rh4 Rb4 41. Rxh7 Ke6 42. Rh4 e4 43. Rh6+ f6 44. Rh8 a4 45. bxa4 Rxa4 46. Re8+ Kf7 47. Rb8 Ra2 48. Rb2 Ra1 49. Rb5 Rh1 50. h4 Rh3 51. Rxc5 Rxg3 52. Rxf5 Rxe3+ 53. Kd4 Rxe2 54. Rf4 e3 55. Re4 Kg6 56. Rxe3 Rg2 57. Ke4 Rg4+ 58. Kf3 Rxh4 59. Kg3 Kg5 60. Ra3 Rb4 61. Ra5+ f5 62. Ra3 Rb2 63. Rc3 Rb4 64. Ra3 Rg4+ 65. Kf3 Rh4 66. Kg3 f4+ 67. Kg2 Rh8 68. Ra7 Rb8 69. Rg7+ Kf6 70. Ra7 Kf5 71. Rf7+ Ke5 72. Re7+ Kf6 73. Ra7 Rb3 74. Kf2 Re3 75. Ra5 Re5 76. Rxe5 Kxe5 77. Kf3 Kf5 78. Kf2 Ke4 79. Ke2 f3+ 80. Kf2 Kf4 81. Kf1 Ke4 82. Kf2 Kf4 83. Kf1 Ke3 84. Ke1 f2+ 85. Kf1 Kf3 1/2-1/2

[Event "XVII MetLife Najdorf Open 2017"]
[Site "Warsaw"]
[Date "2017.07.17"]
[Round "9"]
[White "Teclaf, Pawel"]
[Black "Selbes, Tarik"]
[Result "0-1"]
[WhiteElo "2372"]
[BlackElo "2260"]
[Annotator "NA"]
[PlyCount "82"]
[EventDate "2017.??.??"]
[EventType "swiss"]
[EventCountry "POL"]
[SourceTitle "playchess.com"]
[Source "ChessBase"]
[SourceQuality "1"]
[TimeControl "40/5400+30:1800+30"]

1. d4 {[%emt 0:00:00]} g6 {[%emt 0:13:02]} 2. e4 {[%emt 0:01:16]} d6 {[%emt 0:00:14]} 3. Nc3 {[%emt 0:00:45]} Nf6 {[%emt 0:00:25]} 4. Nf3 {[%emt 0:03:47]} Bg7 {[%emt 0:00:08]} 5. h3 {[%emt 0:00:29]} O-O {[%emt 0:00:07]} 6. Be3 {[%emt 0:00:11]} a6 {[%emt 0:00:11]} 7. Bd3 {[%emt 0:03:23]} Nc6 {[%emt 0:00:42]} 8. Qd2 {[%emt 0:09:59]} Re8 {[%emt 0:05:12]} 9. O-O-O {[%emt 0:24:25]} e5 {[%emt 0:05:05]} 10. dxe5 {[%emt 0:09:56]} Nxe5 {[%emt 0:05:39]} 11. Nxe5 {[%emt 0:00:29]} dxe5 {[%emt 0:00:06]} 12. Qe2 {[%emt 0:09:02]} Qe7 {[%emt 0:03:22]} 13. Bg5 {[%emt 0:01:02]} c6 $1 {[%emt 0:02:17]} 14. Qe3 {[%emt 0:04:57]} b5 {[%emt 0:05:41]} 15. g4 {[%emt 0:01:39]} Qa7 $11 {[%emt 0:14:17]} 16. Qg3 {[%emt 0:03:06]} Be6 {[%emt 0:00:55]} 17. Kb1 {[%emt 0:02:16]} Nd7 {[%emt 0:10:25]} 18. Be3 {[%emt 0:00:51]} Qc7 {[%emt 0:01:14]} 19. g5 {[%emt 0:04:48]} Qa5 {[%emt 0:01:33]} 20. Kc1 {[%emt 0:03:38]} b4 {[%emt 0:00:33]} 21. Nb1 {[%emt 0:00:07]} Qxa2 {[%emt 0:01:04]} 22. Be2 {[%emt 0:00:52]} c5 {[%emt 0:01:50]} 23. Kd2 {[%emt 0:07:15]} Qxb2 {[%emt 0:00:47]} 24. Ke1 {[%emt 0:00:06]} Qxc2 {[%emt 0:00:43]} 25. h4 {[%emt 0:01:37]} Qxe4 {[%emt 0:02:25]} 26. Bf3 {[%emt 0:00:48]} Qc2 {[%emt 0:00:12]} 27. Rc1 {[%emt 0:01:13]} Qa2 {[%emt 0:03:18]} 28. h5 {[%emt 0:01:05]} e4 {[%emt 0:01:12]} 29. Be2 {[%emt 0:00:21]} gxh5 {[%emt 0:11:47]} 30. Rxh5 {[%emt 0:01:26]} Ne5 {[%emt 0:00:32]} 31. Kf1 {[%emt 0:01:09]} Nd3 {[%emt 0:00:56]} 32. Bxd3 {[%emt 0:00:11]} exd3 {[%emt 0:00:06]} 33. Nd2 {[%emt 0:00:02]} c4 {[%emt 0:01:10]} 34. Kg1 {[%emt 0:00:21]} Bd5 {[%emt 0:02:31]} 35. Qh3 {[%emt 0:01:44]} Rxe3 {[%emt 0:00:44]} 36. Qxe3 {[%emt 0:00:03]} c3 {[%emt 0:00:53]} 37. Ne4 {[%emt 0:01:24]} Qe2 {[%emt 0:00:24]} 38. Nf6+ {[%emt 0:01:27]} Bxf6 {[%emt 0:00:06]} 39. Qh3 {[%emt 0:00:05]} Bd4 {[%emt 0:00:25]} 40. Rf1 {[%emt 0:00:00]} Qf3 {[%emt 0:00:28]} 41. Qh2 {[%emt 0:00:28]} Be5 {[%emt 0:00:19]} 0-1

[Event "XVII MetLife Najdorf Open 2017"]
[Site "Warsaw"]
[Date "2017.07.17"]
[Round "9"]
[White "Zylka, Stanislaw"]
[Black "Kubicka, Anna"]
[Result "1-0"]
[WhiteElo "2368"]
[BlackElo "2152"]
[Annotator "NA"]
[PlyCount "161"]
[EventDate "2017.??.??"]
[EventType "swiss"]
[EventCountry "POL"]
[SourceTitle "playchess.com"]
[Source "ChessBase"]
[SourceQuality "1"]
[TimeControl "40/5400+30:1800+30"]

1. d4 {[%emt 0:00:00]} Nf6 {[%emt 0:00:22]} 2. Nf3 {[%emt 0:00:00]} g6 {[%emt 0:00:31]} 3. c4 {[%emt 0:00:00]} Bg7 {[%emt 0:00:15]} 4. g3 {[%emt 0:00:00]} O-O {[%emt 0:00:08]} 5. Bg2 {[%emt 0:00:01]} d6 {[%emt 0:00:05]} 6. O-O {[%emt 0:00:07]} Nbd7 {[%emt 0:00:05]} 7. Nc3 {[%emt 0:00:09]} e5 {[%emt 0:00:32]} 8. e4 {[%emt 0:00:57]} c6 {[%emt 0:00:24]} 9. h3 {[%emt 0:00:31]} Re8 {[%emt 0:00:17]} 10. Re1 {[%emt 0:00:11]} Qc7 {[%emt 0:00:08]} 11. Be3 {[%emt 0:00:55]} a6 {[%emt 0:00:49]} 12. a4 {[%emt 0:07:55] E69: King's Indian: Fianchetto: 6...Nbd7 7 0-0 e5 8 e4 c6 9 h3} a5 {[%emt 0:00:06]} 13. Qc2 {[%emt 0:00:16]} exd4 {[%emt 0:01:22]} 14. Nxd4 {[%emt 0:00:11]} Nc5 {[%emt 0:00:27]} 15. Rad1 {[%emt 0:01:24]} Bd7 {[%emt 0:11:50]} 16. Bf4 $146 {[%emt 0:16:18]} ({Predecessor:} 16. f4 Rad8 17. Nb3 b6 {1-0 (42) Matnadze,A (2342)-Martinez Lopez,I (2222) Barcelona 2016}) 16... Nh5 {[%emt 0:11:09]} 17. Be3 {[%emt 0:15:48]} Rad8 {[%emt 0:07:50]} 18. g4 {[%emt 0:01:57]} Nf6 {[%emt 0:00:06]} 19. Bf4 {[%emt 0:00:52]} Bc8 {[%emt 0:10:48]} 20. Re2 {[%emt 0:13:41]} Nfd7 {[%emt 0:04:00]} 21. Ndb5 {[%emt 0:10:04]} cxb5 {[%emt 0:03:13]} 22. Nxb5 {[%emt 0:01:01]} Qb8 {[%emt 0:01:06]} 23. Bxd6 {[%emt 0:00:19]} Qa8 {[%emt 0:00:19]} 24. Red2 {[%emt 0:11:24]} Ne6 {[%emt 0:09:10]} 25. f4 {[%emt 0:01:39]} Bh6 {[%emt 0:03:15]} 26. Rf2 {[%emt 0:04:52]} Qa6 {[%emt 0:14:23]} 27. Kh1 {[%emt 0:06:22]} Qb6 {[%emt 0:02:32]} 28. g5 {[%emt 0:02:29]} Bf8 {[%emt 0:02:04]} 29. f5 {[%emt 0:00:25]} Nxg5 {[%emt 0:01:13]} 30. Bc7 {[%emt 0:00:34]} Qe3 {[%emt 0:01:18]} 31. Re2 {[%emt 0:00:17]} Qc5 {[%emt 0:02:15]} 32. h4 {[%emt 0:01:00]} Qe7 {[%emt 0:08:30]} 33. hxg5 {[%emt 0:01:30]} Qxg5 {[%emt 0:00:11]} 34. Rd3 {[%emt 0:02:11]} Ne5 {[%emt 0:01:20]} 35. Rxd8 {[%emt 0:00:51]} Qh4+ {[%emt 0:01:25]} 36. Kg1 {[%emt 0:00:01]} Rxd8 {[%emt 0:00:17]} 37. Bxe5 {[%emt 0:00:44]} Bc5+ {[%emt 0:00:23]} 38. Kf1 {[%emt 0:00:37]} f6 {[%emt 0:01:30]} 39. Bc7 {[%emt 0:00:32]} Rd7 {[%emt 0:00:51]} 40. Bb8 {[%emt 0:00:00]} Qg5 {[%emt 0:01:33]} 41. Bh2 {[%emt 0:09:54]} Rd8 {[%emt 0:02:11]} 42. Bg1 {[%emt 0:01:48]} Qf4+ {[%emt 0:10:53]} 43. Bf2 {[%emt 0:00:11]} gxf5 {[%emt 0:05:44]} 44. Kg1 {[%emt 0:01:25]} Bxf2+ {[%emt 0:02:23]} 45. Rxf2 {[%emt 0:00:11]} Qg4 {[%emt 0:02:15]} 46. Rd2 {[%emt 0:05:02]} Rxd2 {[%emt 0:00:05]} 47. Qxd2 {[%emt 0:00:09]} fxe4 {[%emt 0:00:23]} 48. Qd8+ {[%emt 0:02:35]} Kg7 {[%emt 0:01:30]} 49. Qe7+ {[%emt 0:00:10]} Kg8 {[%emt 0:00:19]} 50. Qxe4 {[%emt 0:01:20]} Qd1+ {[%emt 0:00:46]} 51. Bf1 {[%emt 0:00:14]} Qc1 {[%emt 0:05:54]} 52. Qe8+ {[%emt 0:03:11]} Kg7 {[%emt 0:00:04]} 53. Qe7+ {[%emt 0:04:06]} Kg6 {[%emt 0:01:22]} 54. Qe4+ {[%emt 0:00:21]} ({But not} 54. Qe8+ Kg5 $18) 54... Bf5 {[%emt 0:00:29]} 55. Qg2+ {[%emt 0:00:08]} Kh6 {[%emt 0:01:42]} 56. Nd6 {[%emt 0:01:57]} Qe3+ {[%emt 0:01:08]} 57. Qf2 {[%emt 0:00:20]} Qg5+ {[%emt 0:00:04]} 58. Bg2 {[%emt 0:00:14]} Bg6 {[%emt 0:00:18]} 59. Qd4 {[%emt 0:02:15]} b6 {[%emt 0:02:16]} 60. Kf2 {[%emt 0:00:16]} Kg7 {[%emt 0:00:01]} 61. Bf3 {[%emt 0:00:40]} h5 {[%emt 0:00:40]} 62. Qe3 {[%emt 0:02:23]} Qh4+ {[%emt 0:00:06]} 63. Kg2 {[%emt 0:00:07]} Kh7 {[%emt 0:01:48]} (63... Qg5+ $142 64. Qxg5 fxg5) 64. Ne4 {[%emt 0:00:40]} Kg7 {[%emt 0:00:35]} 65. b3 {[%emt 0:01:12]} Bf5 {[%emt 0:00:28]} 66. Ng3 {[%emt 0:01:06]} Qh3+ {[%emt 0:00:59]} 67. Kf2 {[%emt 0:00:07]} Qh2+ {[%emt 0:00:03]} 68. Bg2 {[%emt 0:00:10]} Bg6 {[%emt 0:01:10]} 69. Qf4 {[%emt 0:01:38]} Kf7 {[%emt 0:00:38]} 70. Qc7+ {[%emt 0:00:45]} Kg8 {[%emt 0:00:28]} 71. Qxb6 {[%emt 0:00:37]} h4 {[%emt 0:00:32]} 72. Ne2 {[%emt 0:00:12]} Qe5 {[%emt 0:00:34]} 73. Qd4 {[%emt 0:00:50]} Qf5+ $18 {[%emt 0:00:07]} 74. Qf4 {[%emt 0:00:19]} Qc5+ {[%emt 0:00:28]} 75. Nd4 {[%emt 0:00:18]} Qb4 {[%emt 0:00:40]} 76. Qxf6 {[%emt 0:00:34]} Qd2+ {[%emt 0:00:04]} 77. Ne2 {[%emt 0:00:16]} Bd3 {[%emt 0:01:13]} 78. Bd5+ {[%emt 0:00:14]} Kh7 {[%emt 0:00:05]} 79. Qxh4+ {[%emt 0:00:08]} Kg6 {[%emt 0:00:21]} 80. Be4+ {[%emt 0:00:13]} Bxe4 {[%emt 0:00:25]} 81. Qxe4+ {[%emt 0:00:12]} 1-0